'S' TV Shows by Picture II Quiz Stats

 Plays Quiz Updated Mar 16, 2015

Challenge
Share
Tweet
Score 0/20 Timer 05:00
2 Plays Today
Hint Answer % Correct
Scooby-Doo, Where Are You!
98.4%
Sonic the Hedgehog
75.9%
Sherlock
75.9%
Scandal
61.7%
Speed Racer
60.1%
Starsky & Hutch
59.2%
The Suite Life of Zack and Cody
57.2%
Suits
45.8%
The Simple Life
41.3%
Samurai Jack
38.2%
Hint Answer % Correct
The Shield
33.9%
Stargate SG-1
31.6%
Silver Spoons
30.2%
Silicon Valley
20%
Suddenly Susan
16.9%
Sports Night
15.7%
Southland
15%
Strangers with Candy
14.5%
SeaQuest DSV
11.3%
State of Affairs
9.5%

You're not logged in!

Compare scores with friends on all Sporcle quizzes.
Join for Free
OR
Log In

You Might Also Like...

Show Comments

Extras

Top Quizzes Today


Score Distribution

Your Account Isn't Verified!

In order to create a playlist on Sporcle, you need to verify the email address you used during registration. Go to your Sporcle Settings to finish the process.

Report this User

Report this user for behavior that violates our Community Guidelines.

Details: